Nomines au ballon d'or depuis 2010 - Statistiques

Statistiques générales
  • Ce quiz a été pris 482 fois
  • Le résultat moyen est 62 sur 105
Statistiques - réponses
Top positions Joueurs Nationalite % Correct
1er Messi Argentine
100%
1er Ronaldo Portugal
100%
1er Modric Croatie
99%
3eme Neymar Bresil
99%
2eme Iniesta Espagne
97%
3eme Griezmann France
96%
4eme Mbappe France
96%
3eme Xavi Espagne
95%
4eme Ibrahimovic Suede
94%
4eme Mane Senegal
94%
5eme Salah Egypte
94%
4eme Suarez Uruguay
94%
4eme Lewandowski Pologne
92%
16eme Benzema France
91%
3eme Neuer Allemagne
91%
6eme Bale Pays de Galles
88%
3eme Ribery France
88%
2eme Van Dijk Pays-Bas
87%
5eme Muller Allemagne
86%
11eme Cavani Uruguay
83%
9eme De Bruyne Belgique
83%
8eme Hazard Belgique
82%
10eme Kane Angleterre
82%
4eme Robben Pays-Bas
82%
8eme James Colombie
81%
6eme Ramos Espagne
81%
4eme Buffon Italie
80%
8eme Kante France
80%
14eme Pogba France
79%
8eme Drogba Cote d'Ivoire
77%
7eme Mahrez Algerie
77%
7eme Varane France
77%
22eme Son Coree du Sud
75%
8eme Eto'o Cameroun
74%
5eme Falcao Colombie
73%
9eme Silva Portugal
73%
21em Silva Espagne
73%
10eme Sanchez Chili
72%
14eme Courtois Belgique
71%
5eme Forlan Uruguay
71%
4eme Sneijder Pays-Bas
68%
20eme Lloris France
67%
21eme Pique Espagne
66%
7eme Van Persie Pays-Bas
66%
9eme Kroos Allemagne
65%
14eme Lahm Allemagne
65%
14eme Vidal Chili
65%
11eme Aubameyang Gabon
64%
9eme Pepe Portugal
64%
5eme Rooney Angleterre
64%
6eme Casillas Espagne
63%
20eme Busquets Espagne
60%
10eme Di Maria Argentine
60%
19eme Rakitic Croatie
60%
8eme Villa Espagne
59%
13eme Aguero Argentine
58%
16eme Marcelo Bresil
58%
12eme Toure Cote d'Ivoire
55%
11eme De Jong Pays-Bas
54%
28eme Dzeko Bosnie
54%
19eme Alves Bresil
53%
11eme Puyol Espagne
53%
20eme Godin Uruguay
48%
25eme Mandzukic Croatie
48%
25eme Oblak Slovenie
48%
7eme Pirlo Italie
47%
21eme Bonucci Italie
45%
12eme Sterling Angleterre
44%
7eme Alisson Bresil
43%
20eme Higuain Argentine
43%
28eme Marquinhos Bresil
43%
15eme De Ligt Pays-Bas
42%
27eme Hummels Allemagne
41%
11eme Ozil Allemagne
41%
15eme Gotze Allemagne
40%
15eme Dybala Argentine
39%
17eme Firmino Bresil
39%
21eme Klose Allemagne
39%
10eme Alonso Espagne
37%
22eme Nani Portugal
37%
24eme Koulibaly Senegal
36%
14eme Mascherano Argentine
35%
12eme Patricio Portugal
35%
15eme Schweinsteiger Allemagne
35%
24eme Ter Stegen Allemagne
34%
8eme Vardy Angleterre
32%
20eme De Gea Espagne
31%
17eme Payet France
31%
21eme Luiz Bresil
30%
19eme Alexander-Arnold Angleterre
29%
23eme Balotelli Italie
29%
29eme Coutinho Bresil
28%
12eme Isco Espagne
28%
20eme Tadic Serbie
26%
18eme Gyan Ghana
25%
29eme Mertens Belgique
24%
20eme Fabregas Espagne
23%
11eme Costa Espagne
22%
28eme Felix Portugal
21%
26eme Wijnaldum Pays-Bas
19%
18eme Abidal France
18%
19eme Cesar Bresil
16%
20eme Koke Espagne
16%
17eme Maicon Bresil
16%
28eme Van de Beek Pays-Bas
15%
Aucun quiz correspondant
Distribution des résultats
% des personnes avec chaque résultat
Percentile par nombre de réponses
Votre historique - résultats
Vous n’avez pas pris ce quiz